[Event "Madrid ch  2012-13 - Semifinal B"]
[Site "Madrid"]
[Date "2013.03.08"]
[Round "2.10"]
[White "Lopez Ziegler, Carlos"]
[Black "Garcia Herranz, Jesus"]
[Result "1-0"]
[WhiteElo "1913"]
[BlackElo "1962"]
[PlyCount "120"]
[EventDate "2013.03.07"]
[EventType "swiss"]
[EventRounds "9"]
[EventCountry "ESP"]
[Source "lmi"]
[SourceDate "2013.03.07"]

1. e4 e5 2. Nf3 Nc6 3. Bb5 a6 4. Ba4 Nf6 5. O-O b5 6. Bb3 Be7 7. Re1 d6 8. c3
O-O 9. h3 Na5 10. Bc2 c5 11. d4 Qc7 12. d5 Rb8 13. Nbd2 g6 14. Nf1 Re8 15. Ng3
Bf8 16. b3 Bg7 17. Be3 Nb7 18. Qd2 Qe7 19. Bg5 Qf8 20. a4 Bd7 21. axb5 axb5 22.
Ra7 h6 23. Be3 Rec8 24. Rea1 Kh7 25. Qc1 b4 26. Bd3 bxc3 27. Ba6 Rc7 28. Qxc3
Qd8 29. Nd2 Ne8 30. Ne2 f5 31. f3 f4 32. Bf2 Bf6 33. Nc1 Bh4 34. Bf1 Bxf2+ 35.
Kxf2 Qh4+ 36. Kg1 Qg5 37. Kh1 Ng7 38. Nc4 Nh5 39. Ne2 Qe7 40. Na5 Bb5 41. Nc4
Rg8 42. Qe1 g5 43. Nc3 Ng3+ 44. Kg1 Be8 45. Ra8 h5 46. Ne2 Nxf1 47. Kxf1 g4 48.
hxg4 hxg4 49. Ng1 Qg5 50. Qf2 Rcg7 51. R1a7 Bh5 52. Rxg8 Kxg8 53. fxg4 Bxg4 54.
Nf3 Bxf3 55. Qxf3 Qh4 56. Qh3 Qf6 57. Rxb7 f3 58. Rxg7+ Kxg7 59. Qxf3 Qg5 60.
Qe3 Qf6+ 1-0

[Event "Madrid ch  2012-13 - Semifinal B"]
[Site "Madrid"]
[Date "2013.03.08"]
[Round "2.11"]
[White "Lopez Garralon, Miguel"]
[Black "Tirado Parra, Alberto"]
[Result "0-1"]
[WhiteElo "1955"]
[BlackElo "1896"]
[PlyCount "102"]
[EventDate "2013.03.07"]
[EventType "swiss"]
[EventRounds "9"]
[EventCountry "ESP"]
[Source "lmi"]
[SourceDate "2013.03.07"]

1. e4 Nf6 2. d3 e5 3. Nf3 Nc6 4. Nbd2 d5 5. c3 a5 6. a4 Bc5 7. h3 h6 8. Be2 O-O
9. Qc2 Be6 10. Nf1 d4 11. g4 Qd7 12. Ng3 Rfd8 13. Nf5 Nxe4 14. dxe4 d3 15. Bxd3
Qxd3 16. Qxd3 Rxd3 17. Nd2 Rad8 18. Ke2 b6 19. Ne3 Ne7 20. Nd5 Nxd5 21. Kxd3
Nf4+ 22. Kc2 Bxf2 23. Nf3 Nd3 24. Bd2 Nc5 25. Nxe5 Bb3+ 26. Kc1 Bxa4 27. Rxa4
Nxa4 28. Rf1 Nxb2 29. Kc2 Bg3 30. Nxf7 Rd7 31. Nxh6+ gxh6 32. Bxh6 Nc4 33. Rf3
Be5 34. h4 a4 35. Bc1 a3 36. Kb3 b5 37. Rf5 Rd3 38. Rg5+ Kf8 39. Bxa3+ Kf7 40.
Rf5+ Ke6 41. Bb4 Nd2+ 42. Kc2 Rd8 43. Be7 Rd7 44. Bb4 Nxe4 45. Rf8 c5 46. Ba5
Rd2+ 47. Kc1 Rf2 48. Re8+ Kd5 49. Rd8+ Kc4 50. g5 Bf4+ 51. Kd1 Nxc3+ 0-1

[Event "Madrid ch  2012-13 - Semifinal B"]
[Site "Madrid"]
[Date "2013.03.08"]
[Round "2.12"]
[White "Marcos Herrero, Francisco"]
[Black "Brull Cortes, Boris"]
[Result "1-0"]
[WhiteElo "1912"]
[BlackElo "1953"]
[PlyCount "157"]
[EventDate "2013.03.07"]
[EventType "swiss"]
[EventRounds "9"]
[EventCountry "ESP"]
[Source "lmi"]
[SourceDate "2013.03.07"]

1. d4 e6 2. c4 f5 3. g3 Nf6 4. Bg2 d5 5. Nf3 c6 6. O-O Bd6 7. Qc2 O-O 8. Nc3
Ne4 9. Rb1 Qe7 10. b4 Nd7 11. b5 Ndf6 12. c5 Bb8 13. bxc6 bxc6 14. Bf4 Bxf4 15.
gxf4 Qc7 16. Ne5 Ba6 17. Rfe1 Nd7 18. Rb2 Nxe5 19. fxe5 Qa5 20. Rc1 Qxc3 21.
Qxc3 Nxc3 22. Rxc3 Rab8 23. Rcc2 Bb5 24. Rc1 Kf7 25. Rcb1 Ra8 26. Bf1 Kg6 27.
e3 a6 28. f4 Kh6 29. Rb4 g5 30. a4 gxf4 31. axb5 Rg8+ 32. Kf2 fxe3+ 33. Kxe3
axb5 34. R1b2 Ra3+ 35. R4b3 Ra4 36. Rd2 Rg4 37. Bg2 Kg5 38. Bf3 f4+ 39. Kf2 Rh4
40. Kg2 Kf5 41. Rbb2 Ra8 42. Ra2 Rg8+ 43. Kh1 Rh3 44. Rg2 Rgg3 45. Bd1 Ke4 46.
Rad2 Kf5 47. Bc2+ Kg5 48. Kg1 Rxg2+ 49. Kxg2 Ra3 50. Bxh7 f3+ 51. Kg3 f2+ 52.
Kxf2 Rh3 53. Bg8 Rxh2+ 54. Ke3 Rh3+ 55. Ke2 Rh6 56. Kf3 Kf5 57. Rf2 b4 58. Ke3+
Kg5 59. Bf7 b3 60. Kd2 Rh4 61. Kc3 Rh3+ 62. Kb2 Rd3 63. Bxe6 Rxd4 64. Bd7 Re4
65. e6 Re3 66. Bxc6 Rxe6 67. Bxd5 Re5 68. Rd2 Kf6 69. Kxb3 Ke7 70. Kb4 Kd8 71.
Kb5 Kc7 72. Bc6 Re1 73. Rd7+ Kc8 74. Rh7 Rb1+ 75. Kc4 Rc1+ 76. Kd5 Rd1+ 77. Ke5
Rc1 78. Kd6 Rd1+ 79. Bd5 1-0

[Event "Madrid ch  2012-13 - Semifinal B"]
[Site "Madrid"]
[Date "2013.03.08"]
[Round "2.13"]
[White "Garcia Serrano, Jose Manuel II"]
[Black "Garcia-Ruiz Fuentes, Angel M"]
[Result "1-0"]
[WhiteElo "1892"]
[BlackElo "1952"]
[PlyCount "53"]
[EventDate "2013.03.07"]
[EventType "swiss"]
[EventRounds "9"]
[EventCountry "ESP"]
[Source "lmi"]
[SourceDate "2013.03.07"]

1. e4 c5 2. Nf3 d6 3. d4 cxd4 4. Nxd4 Nf6 5. Nc3 a6 6. Be2 e5 7. Nb3 Be7 8. O-O
O-O 9. f4 b5 10. Bf3 Bb7 11. a3 Nbd7 12. f5 Nc5 13. Qe2 Nxb3 14. cxb3 b4 15.
axb4 Qb6+ 16. Kh1 Qxb4 17. g4 Nd7 18. g5 Nc5 19. Qg2 Nxb3 20. Ra4 Qc5 21. f6
Bd8 22. fxg7 Kxg7 23. Qh3 Nxc1 24. Qh6+ Kg8 25. Bg4 f5 26. gxf6 Rf7 27. Be6 1-0

[Event "Madrid ch  2012-13 - Semifinal B"]
[Site "Madrid"]
[Date "2013.03.08"]
[Round "2.14"]
[White "Dominguez Alfara, Miguel"]
[Black "Camarero Izquierdo, Juan Carlos"]
[Result "1-0"]
[WhiteElo "1842"]
[BlackElo "1934"]
[PlyCount "69"]
[EventDate "2013.03.07"]
[EventType "swiss"]
[EventRounds "9"]
[EventCountry "ESP"]
[Source "lmi"]
[SourceDate "2013.03.07"]

1. d4 f5 2. Nf3 Nf6 3. e3 e6 4. c4 Bb4+ 5. Nc3 O-O 6. Bd3 b6 7. O-O Bxc3 8.
bxc3 Bb7 9. Ba3 d6 10. Rb1 Nbd7 11. c5 dxc5 12. Ng5 Qe8 13. dxc5 Qg6 14. h4
Rfd8 15. Qb3 Nf8 16. c6 Bxc6 17. Bxf8 Kxf8 18. Nxe6+ Ke7 19. Nf4 Qg4 20. Qe6+
Kf8 21. Qxc6 Kg8 22. f3 Qxh4 23. Qc4+ Nd5 24. Nxd5 Qxc4 25. Bxc4 Kf8 26. Nxc7
Rac8 27. Ne6+ Ke7 28. Nxd8 Rxc4 29. Rfd1 Rxc3 30. Rb3 Rc2 31. a3 g5 32. Rbd3 a5
33. Rd7+ Ke8 34. Rxh7 Rc3 35. Nb7 1-0

[Event "Madrid ch  2012-13 - Semifinal B"]
[Site "Madrid"]
[Date "2013.03.08"]
[Round "2.15"]
[White "Ruiz Quevedo, Andres"]
[Black "Plazuelo Pascual, Juan"]
[Result "1-0"]
[WhiteElo "1925"]
[BlackElo "1872"]
[PlyCount "71"]
[EventDate "2013.03.07"]
[EventType "swiss"]
[EventRounds "9"]
[EventCountry "ESP"]
[Source "lmi"]
[SourceDate "2013.03.07"]

1. c4 e5 2. b3 Nc6 3. Bb2 Nf6 4. e3 d5 5. cxd5 Nxd5 6. a3 Bd6 7. d3 O-O 8. Nf3
Qe7 9. Nbd2 f5 10. Qc2 Kh8 11. Be2 Bd7 12. O-O a5 13. Rfd1 b5 14. e4 Nf4 15.
Bf1 Qf7 16. exf5 Qxf5 17. Ne4 Qg6 18. Ng3 Rad8 19. Re1 Rfe8 20. Re4 Re7 21.
Rae1 Rde8 22. Qc1 Bf5 23. Qxc6 Bxe4 24. Qxe4 Qxe4 25. Rxe4 Nd5 26. Nf5 Rf7 27.
Nxd6 cxd6 28. d4 Nf6 29. Re1 e4 30. Nh4 Rb8 31. Rc1 b4 32. a4 g6 33. g3 Ng4 34.
d5+ Kg8 35. Bd4 Rbf8 36. Bh3 1-0

[Event "Madrid ch  2012-13 - Semifinal B"]
[Site "Madrid"]
[Date "2013.03.09"]
[Round "3.1"]
[White "Arruebarrena, Rafael"]
[Black "Muñoz Manzano, Jose Manuel"]
[Result "1/2-1/2"]
[WhiteElo "2245"]
[BlackElo "2011"]
[PlyCount "116"]
[EventDate "2013.03.07"]
[EventType "swiss"]
[EventRounds "9"]
[EventCountry "ESP"]
[Source "lmi"]
[SourceDate "2013.03.07"]

1. e4 c6 2. d4 d5 3. Nd2 dxe4 4. Nxe4 Bf5 5. Ng3 Bg6 6. h4 h6 7. Nf3 Nd7 8. h5
Bh7 9. Bd3 Bxd3 10. Qxd3 e6 11. Bd2 Ngf6 12. O-O-O Be7 13. Qe2 c5 14. dxc5 Qc7
15. Ne4 Rc8 16. Kb1 Qc6 17. Nxf6+ Nxf6 18. Rhe1 Qxc5 19. Bc3 O-O 20. Ne5 Nd5
21. Bd4 Qa5 22. c4 Nb4 23. a3 Nc6 24. Bc3 Qa6 25. Nd7 Rfe8 26. f4 e5 27. Nxe5
Nxe5 28. Qxe5 Bf6 29. Qxe8+ Rxe8 30. Rxe8+ Kh7 31. Bxf6 Qxf6 32. g3 Qf5+ 33.
Kc1 Qxh5 34. Re3 Qc5 35. Rc3 a5 36. Rd5 Qg1+ 37. Kc2 a4 38. Rb5 Qe1 39. Rb4
Qe4+ 40. Rd3 Qe2+ 41. Kc3 Qe1+ 42. Kd4 Qf2+ 43. Kd5 Qe2 44. Rc3 Qg2+ 45. Kc5 f5
46. Kb6 Qc6+ 47. Ka7 Qc7 48. Rb5 Kg6 49. Rb6+ Kh5 50. c5 g5 51. fxg5 hxg5 52.
Ka8 Qc8+ 53. Ka7 Qc7 54. Rc4 f4 55. gxf4 gxf4 56. Rb5 Kg6 57. Rxb7 Qa5+ 58. Kb8
Qd8+ 1/2-1/2

[Event "Madrid ch  2012-13 - Semifinal B"]
[Site "Madrid"]
[Date "2013.03.09"]
[Round "3.2"]
[White "Madurga Lopez, Ignacio"]
[Black "Gomez Gonzalez, Javier"]
[Result "1/2-1/2"]
[WhiteElo "2027"]
[BlackElo "2141"]
[PlyCount "26"]
[EventDate "2013.03.07"]
[EventType "swiss"]
[EventRounds "9"]
[EventCountry "ESP"]
[Source "lmi"]
[SourceDate "2013.03.07"]

1. e4 c5 2. Nf3 d6 3. d4 cxd4 4. Nxd4 Nf6 5. Nc3 a6 6. Bc4 e6 7. Bb3 Nbd7 8.
Bg5 Nc5 9. O-O Be7 10. Re1 O-O 11. f4 Ne8 12. Bxe7 Qxe7 13. Qf3 b5 1/2-1/2

[Event "Madrid ch  2012-13 - Semifinal B"]
[Site "Madrid"]
[Date "2013.03.09"]
[Round "3.3"]
[White "Ruiz Sanchez, Roberto"]
[Black "Hinojar Diez, David"]
[Result "0-1"]
[WhiteElo "1981"]
[BlackElo "2172"]
[PlyCount "98"]
[EventDate "2013.03.07"]
[EventType "swiss"]
[EventRounds "9"]
[EventCountry "ESP"]
[Source "lmi"]
[SourceDate "2013.03.07"]

1. e4 c5 2. Nf3 Nf6 3. Nc3 d6 4. d4 cxd4 5. Nxd4 e6 6. Be2 a6 7. O-O Be7 8. f4
O-O 9. Kh1 Qc7 10. Qe1 Nc6 11. Be3 Nxd4 12. Bxd4 b5 13. Bf3 e5 14. fxe5 dxe5
15. Qg3 Bd6 16. Be3 Bb7 17. Bh6 Ne8 18. Rad1 Kh8 19. Bg5 f5 20. Rf2 h6 21. Bc1
b4 22. Nd5 Bxd5 23. Rxd5 fxe4 24. Bd1 Nf6 25. Rdd2 e3 26. Qxe3 Bc5 27. Qe1 Bxf2
28. Rxf2 Rad8 29. h3 Qc5 30. Be2 Ne4 31. Rxf8+ Rxf8 32. Bf3 Nf2+ 33. Kh2 e4 34.
Be2 Qc7+ 35. g3 Qxc2 36. Be3 Nd3 37. Qd1 Qxd1 38. Bxd1 Nxb2 39. Bb3 a5 40. Kg2
a4 41. Bd5 Nd3 42. h4 b3 43. axb3 a3 44. b4 Nxb4 45. Bxe4 a2 46. Bd4 Rd8 47.
Bc3 Rd1 48. g4 a1=Q 49. Bxa1 Rxa1 0-1

[Event "Madrid ch  2012-13 - Semifinal B"]
[Site "Madrid"]
[Date "2013.03.09"]
[Round "3.4"]
[White "Pastor Alonso De Prado, Alberto"]
[Black "Estrada Martinez, Cesar"]
[Result "1/2-1/2"]
[WhiteElo "2161"]
[BlackElo "2050"]
[PlyCount "51"]
[EventDate "2013.03.07"]
[EventType "swiss"]
[EventRounds "9"]
[EventCountry "ESP"]
[Source "lmi"]
[SourceDate "2013.03.07"]

1. e4 c5 2. c3 d6 3. d4 Nd7 4. Nf3 g6 5. Bc4 e6 6. O-O Bg7 7. Bf4 Nb6 8. dxc5
dxc5 9. Qxd8+ Kxd8 10. Rd1+ Ke8 11. Bb5+ Bd7 12. Na3 Bc6 13. Ne5 Ne7 14. Bxc6+
Nxc6 15. Nxc6 bxc6 16. Be3 Bf8 17. Rd2 Rd8 18. Rad1 Rxd2 19. Rxd2 Be7 20. e5 h6
21. Kf1 Kf8 22. c4 Kg7 23. b3 Rc8 24. Nc2 Rc7 25. Ne1 Nd7 26. Nd3 1/2-1/2

[Event "Madrid ch  2012-13 - Semifinal B"]
[Site "Madrid"]
[Date "2013.03.09"]
[Round "3.5"]
[White "Cano Cabanillas, Javier"]
[Black "Vukotic Jovsic, Dragan"]
[Result "1-0"]
[WhiteElo "2007"]
[BlackElo "1993"]
[PlyCount "75"]
[EventDate "2013.03.07"]
[EventType "swiss"]
[EventRounds "9"]
[EventCountry "ESP"]
[Source "lmi"]
[SourceDate "2013.03.07"]

1. e4 e5 2. Bc4 Bc5 3. Nf3 Qe7 4. O-O Nf6 5. d4 Bxd4 6. Nxd4 exd4 7. e5 Qxe5 8.
Re1 Ne4 9. f3 d5 10. Bb3 O-O 11. fxe4 dxe4 12. Nd2 Be6 13. Nxe4 Bxb3 14. axb3
Nc6 15. Nf2 Qf5 16. Qd3 Rfe8 17. Bd2 Qd7 18. Rxe8+ Rxe8 19. Re1 Ne5 20. Qg3 f6
21. Nd3 Qf5 22. Qf4 Qg6 23. Nxe5 fxe5 24. Rxe5 Rf8 25. Qe4 Qf6 26. Qe2 d3 27.
cxd3 Qb6+ 28. Be3 Qxb3 29. Bd4 Qa4 30. Bc3 Qf4 31. Re7 Qc1+ 32. Qe1 Qxe1+ 33.
Rxe1 c5 34. Re7 Rf7 35. Rxf7 Kxf7 36. Kf2 g6 37. Kf3 Ke6 38. Ke4 1-0

[Event "Madrid ch  2012-13 - Semifinal B"]
[Site "Madrid"]
[Date "2013.03.09"]
[Round "3.6"]
[White "Cabañas Bravo, Juan Andres"]
[Black "Marcos Herrero, Francisco"]
[Result "0-1"]
[WhiteElo "2103"]
[BlackElo "1912"]
[PlyCount "88"]
[EventDate "2013.03.07"]
[EventType "swiss"]
[EventRounds "9"]
[EventCountry "ESP"]
[Source "lmi"]
[SourceDate "2013.03.07"]

1. e4 c5 2. Nf3 d6 3. d4 Nf6 4. Nc3 cxd4 5. Nxd4 g6 6. Be3 Bg7 7. f3 Nc6 8. Bc4
Bd7 9. Qd2 O-O 10. h4 h5 11. O-O-O Rc8 12. Bb3 Ne5 13. Bh6 Nc4 14. Bxc4 Rxc4
15. Bxg7 Kxg7 16. g4 e5 17. Nf5+ gxf5 18. gxf5 Kh7 19. Rhg1 Rd4 20. Qe1 Rxd1+
21. Nxd1 Rg8 22. Rg5 Bc6 23. c4 Rxg5 24. hxg5 Nxe4 25. fxe4 Qxg5+ 26. Kc2 Qg2+
27. Nf2 Bxe4+ 28. Qxe4 Qxf2+ 29. Kc3 Qd4+ 30. Qxd4 exd4+ 31. Kxd4 h4 32. Ke4 h3
33. Kf3 Kg7 34. Kg3 Kf6 35. Kxh3 Kxf5 36. Kg2 Ke4 37. Kf2 Kd4 38. b3 d5 39.
cxd5 Kxd5 40. Ke3 Ke5 41. a3 a5 42. b4 axb4 43. axb4 b5 44. Kd3 Kd5 0-1

[Event "Madrid ch  2012-13 - Semifinal B"]
[Site "Madrid"]
[Date "2013.03.09"]
[Round "3.8"]
[White "Tirado Parra, Alberto"]
[Black "Rojas Pozo, Jose Luis"]
[Result "0-1"]
[WhiteElo "1896"]
[BlackElo "1973"]
[PlyCount "58"]
[EventDate "2013.03.07"]
[EventType "swiss"]
[EventRounds "9"]
[EventCountry "ESP"]
[Source "lmi"]
[SourceDate "2013.03.07"]

1. Nf3 Nf6 2. c4 d5 3. cxd5 Nxd5 4. g3 c6 5. Bg2 g6 6. Nc3 Nb6 7. O-O Bg7 8. b3
O-O 9. Bb2 N8d7 10. Qc2 Nf6 11. e4 h6 12. d4 Be6 13. Rad1 Rc8 14. Na4 Nxa4 15.
bxa4 Bxa2 16. Bh3 Qb6 17. Nd2 Rc7 18. Rfe1 c5 19. Ba3 Be6 20. Bxc5 Bxh3 21. Rc1
Qa6 22. Qb3 Rfc8 23. Nc4 b6 24. Ne5 e6 25. Ba3 Rxc1 26. Bxc1 Ng4 27. Nxg6 fxg6
28. Qxe6+ Kh7 29. d5 Qe2 0-1

[Event "Madrid ch  2012-13 - Semifinal B"]
[Site "Madrid"]
[Date "2013.03.09"]
[Round "3.9"]
[White "Garcia Serrano, Jose Manuel II"]
[Black "Esquivias Gomez, Francisco Javier"]
[Result "1/2-1/2"]
[WhiteElo "1892"]
[BlackElo "1951"]
[PlyCount "113"]
[EventDate "2013.03.07"]
[EventType "swiss"]
[EventRounds "9"]
[EventCountry "ESP"]
[Source "lmi"]
[SourceDate "2013.03.07"]

1. e4 Nf6 2. e5 Nd5 3. d4 d6 4. Nf3 Bg4 5. Be2 e6 6. c4 Nb6 7. exd6 cxd6 8. O-O
Be7 9. Nc3 O-O 10. b3 a5 11. Bf4 d5 12. Nb5 Na6 13. Qd2 dxc4 14. bxc4 Bxf3 15.
Bxf3 Nxc4 16. Qe2 Nd6 17. Bxd6 Bxd6 18. Bxb7 Bxh2+ 19. Kxh2 Qb8+ 20. Qe5 Qxb7
21. Nd6 Qd5 22. Rfc1 Rfd8 23. Qxd5 exd5 24. Nb7 Re8 25. Nxa5 Re2 26. Nc6 g6 27.
Kg3 Kg7 28. a4 h5 29. Rab1 Ra2 30. a5 h4+ 31. Kf3 Re8 32. Rb7 Ra3+ 33. Kg4 Re4+
34. Kg5 Re6 35. Ne5 Rf6 36. f3 Rxa5 37. Rc8 Ra4 38. Rg8+ Kxg8 39. Kxf6 Rxd4 40.
Ra7 Rf4+ 41. Kg5 Rf5+ 42. Kxh4 Rxe5 43. Rxa6 Kg7 44. Rd6 Kf8 45. f4 Rh5+ 46.
Kg4 Ke7 47. Ra6 Rf5 48. Kf3 g5 49. g3 gxf4 50. gxf4 Rf6 51. Ra5 Rd6 52. Ra4 d4
53. Ra2 Kf6 54. Ke4 d3 55. Rd2 Ke6 56. Rxd3 Rxd3 57. Kxd3 1/2-1/2

[Event "Madrid ch  2012-13 - Semifinal B"]
[Site "Madrid"]
[Date "2013.03.09"]
[Round "3.10"]
[White "Alonso Herrero, Ignacio"]
[Black "Ruiz Quevedo, Andres"]
[Result "0-1"]
[WhiteElo "1799"]
[BlackElo "1925"]
[PlyCount "166"]
[EventDate "2013.03.07"]
[EventType "swiss"]
[EventRounds "9"]
[EventCountry "ESP"]
[Source "lmi"]
[SourceDate "2013.03.07"]

1. e4 c5 2. Nc3 d6 3. Bb5+ Nd7 4. a4 Ngf6 5. f4 a6 6. Bc4 e6 7. Nf3 Be7 8. O-O
O-O 9. Qe1 Re8 10. d3 Nf8 11. e5 dxe5 12. fxe5 Nd5 13. Qf2 Nxc3 14. bxc3 Bd7
15. Nd2 Ng6 16. d4 Rf8 17. Nf3 Rc8 18. Bd3 Bc6 19. Be3 cxd4 20. cxd4 Bd5 21.
Qe2 Qc7 22. Rfc1 Bc4 23. Rab1 Ba3 24. Rd1 Bxd3 25. Qxd3 Be7 26. Rdc1 Qc4 27.
Qb3 Qc3 28. Kf2 Ba3 29. Rd1 Ne7 30. Ne1 Nd5 31. Rd3 Qxb3 32. Rdxb3 Be7 33. Rxb7
Rc4 34. Ra7 Rxa4 35. Rbb7 Ba3 36. c4 Rxc4 37. Rxa6 Bc1 38. Bxc1 Rxc1 39. Nf3
Rc2+ 40. Kg3 h6 41. Raa7 g5 42. Rd7 Nf4 43. Ne1 Rc1 44. Kf2 Kg7 45. g3 Nd5 46.
Rxd5 exd5 47. Rd7 Ra8 48. e6 Ra2+ 49. Kf1 Raa1 50. exf7 Rxe1+ 51. Kf2 Rf1+ 52.
Kg2 Rxf7 53. Rxd5 g4 54. Re5 Ra2+ 55. Kg1 Rb7 56. Re1 Rbb2 57. d5 Rg2+ 58. Kh1
Rxh2+ 59. Kg1 Rhg2+ 60. Kh1 Rgd2 61. d6 Rxd6 62. Kg1 Ra3 63. Kh2 Rd2+ 64. Kh1
Kf6 65. Kg1 Rdd3 66. Kh1 Ra5 67. Kg2 Rad5 68. Kf2 Rf3+ 69. Kg2 Rd2+ 70. Kh1
Rdd3 71. Kg2 Rxg3+ 72. Kh2 Rde3 73. Rf1+ Rgf3 74. Rb1 Rf2+ 75. Kg1 Rfe2 76.
Rb6+ Kg5 77. Kf1 Ra2 78. Rb5+ Kh4 79. Rb4 h5 80. Rb1 Kh3 81. Kg1 Rg3+ 82. Kf1
Rgg2 83. Rd1 Kh2 0-1

[Event "Madrid ch  2012-13 - Semifinal B"]
[Site "Madrid"]
[Date "2013.03.09"]
[Round "3.11"]
[White "Lacaci Otero, Ivan"]
[Black "Lopez Ziegler, Carlos"]
[Result "0-1"]
[WhiteElo "1694"]
[BlackElo "1913"]
[PlyCount "72"]
[EventDate "2013.03.07"]
[EventType "swiss"]
[EventRounds "9"]
[EventCountry "ESP"]
[Source "lmi"]
[SourceDate "2013.03.07"]

1. e4 c5 2. Nf3 e6 3. d4 cxd4 4. Nxd4 Nc6 5. Be3 Nf6 6. f3 a6 7. c3 Qc7 8. Be2
d5 9. Nxc6 bxc6 10. Nd2 Bd6 11. exd5 cxd5 12. Qa4+ Bd7 13. Qh4 Rb8 14. Nb3 a5
15. Rb1 O-O 16. Nd2 e5 17. Bd3 Rfe8 18. O-O e4 19. fxe4 dxe4 20. Nxe4 Nxe4 21.
Bxe4 Rxe4 22. Qxe4 Re8 23. Qd3 Rxe3 24. Qd2 Bxh2+ 25. Kh1 Bf4 26. Qf2 g5 27.
Rbe1 Rxe1 28. Qxe1 Bc6 29. Qf2 Qd6 30. Kg1 Qh6 31. Rd1 Qh2+ 32. Kf1 Qh1+ 33.
Ke2 Bb5+ 34. Rd3 Qb1 35. c4 Bxc4 36. Qd4 Qc2+ 0-1

[Event "Madrid ch  2012-13 - Semifinal B"]
[Site "Madrid"]
[Date "2013.03.09"]
[Round "3.12"]
[White "Garcia Herranz, Jesus"]
[Black "Sotoca Aguado, Jose"]
[Result "1/2-1/2"]
[WhiteElo "1962"]
[BlackElo "1976"]
[PlyCount "20"]
[EventDate "2013.03.07"]
[EventType "swiss"]
[EventRounds "9"]
[EventCountry "ESP"]
[Source "lmi"]
[SourceDate "2013.03.07"]

1. Nf3 Nf6 2. d4 d5 3. c4 e6 4. e3 Be7 5. Nc3 O-O 6. Bd3 h6 7. O-O c6 8. b3
Nbd7 9. Bb2 a6 10. c5 Qc7 1/2-1/2

[Event "Madrid ch  2012-13 - Semifinal B"]
[Site "Madrid"]
[Date "2013.03.09"]
[Round "3.13"]
[White "Arroyo Fernandez, Francisco J"]
[Black "Lopez Garralon, Miguel"]
[Result "1-0"]
[WhiteElo "1832"]
[BlackElo "1955"]
[PlyCount "59"]
[EventDate "2013.03.07"]
[EventType "swiss"]
[EventRounds "9"]
[EventCountry "ESP"]
[Source "lmi"]
[SourceDate "2013.03.07"]

1. d4 d6 2. Nf3 Nf6 3. Bf4 Nbd7 4. e3 g6 5. Be2 Bg7 6. Nbd2 a6 7. O-O O-O 8. c4
c5 9. Rb1 Nh5 10. Bg5 h6 11. Bh4 Nhf6 12. b4 b6 13. bxc5 bxc5 14. Qc2 g5 15.
Bg3 Re8 16. Rfd1 Nh5 17. Nf1 Qc7 18. h3 Nxg3 19. Nxg3 e6 20. Nh5 Bh8 21. Nh2
Nf6 22. Nxf6+ Bxf6 23. Bf3 Ra7 24. d5 Bd7 25. dxe6 Bxe6 26. Bd5 Bxd5 27. Rxd5
Re5 28. Ng4 Bg7 29. Nxe5 Bxe5 30. Qb3 1-0

[Event "Madrid ch  2012-13 - Semifinal B"]
[Site "Madrid"]
[Date "2013.03.09"]
[Round "3.15"]
[White "Garcia-Ruiz Fuentes, Angel M"]
[Black "Plazuelo Pascual, Juan"]
[Result "1/2-1/2"]
[WhiteElo "1952"]
[BlackElo "1872"]
[PlyCount "65"]
[EventDate "2013.03.07"]
[EventType "swiss"]
[EventRounds "9"]
[EventCountry "ESP"]
[Source "lmi"]
[SourceDate "2013.03.07"]

1. e4 c6 2. d4 d5 3. exd5 cxd5 4. Bd3 Nc6 5. c3 Nf6 6. Bf4 Bg4 7. Qb3 Qc8 8.
Nd2 e6 9. Ngf3 Be7 10. O-O O-O 11. Qc2 Bh5 12. Ne5 b5 13. a4 b4 14. Nxc6 Qxc6
15. c4 dxc4 16. Nxc4 Rfd8 17. Be5 Bg6 18. b3 Ng4 19. Bxg6 hxg6 20. h3 Nxe5 21.
dxe5 Rd5 22. Qe2 Rad8 23. Rfd1 Bc5 24. Kf1 Qd7 25. Re1 Rd3 26. Rab1 Qd5 27. Qe4
Qd4 28. Qxd4 R8xd4 29. Ke2 Rc3 30. Rb2 Re4+ 31. Kf1 Rd4 32. Ke2 Re4+ 33. Kf1
1/2-1/2

[Event "Madrid ch  2012-13 - Semifinal B"]
[Site "Madrid"]
[Date "2013.03.15"]
[Round "4.1"]
[White "Gomez Gonzalez, Javier"]
[Black "Arruebarrena, Rafael"]
[Result "0-1"]
[WhiteElo "2141"]
[BlackElo "2245"]
[PlyCount "44"]
[EventDate "2013.03.07"]
[EventType "swiss"]
[EventRounds "9"]
[EventCountry "ESP"]
[Source "lmi"]
[SourceDate "2013.03.07"]

1. e4 c5 2. Nf3 e6 3. d4 cxd4 4. Nxd4 Nc6 5. g3 a6 6. Bg2 Qc7 7. O-O d6 8. Nc3
Bd7 9. a4 Be7 10. Be3 Nf6 11. Nxc6 Bxc6 12. a5 O-O 13. f4 Nd7 14. Qh5 Bf6 15.
Ra3 Bxc3 16. Rxc3 Nf6 17. Qd1 Qxa5 18. Qd4 Rfd8 19. Ra3 Qc7 20. Bd2 e5 21. Qc4
b5 22. Ba5 Qa7+ 0-1

[Event "Madrid ch  2012-13 - Semifinal B"]
[Site "Madrid"]
[Date "2013.03.15"]
[Round "4.2"]
[White "Hinojar Diez, David"]
[Black "Madurga Lopez, Ignacio"]
[Result "0-1"]
[WhiteElo "2172"]
[BlackElo "2027"]
[PlyCount "144"]
[EventDate "2013.03.07"]
[EventType "swiss"]
[EventRounds "9"]
[EventCountry "ESP"]
[Source "lmi"]
[SourceDate "2013.03.07"]

1. d4 Nf6 2. c4 Nc6 3. Nf3 e6 4. a3 d6 5. Nc3 g6 6. Bg5 Bg7 7. Qd2 h6 8. Bxf6
Qxf6 9. e3 O-O 10. h3 e5 11. d5 Nd8 12. Bd3 Qe7 13. g4 f5 14. gxf5 gxf5 15. e4
f4 16. O-O-O Kh8 17. Rdg1 Rg8 18. Qe2 Bd7 19. h4 Bf6 20. Rxg8+ Kxg8 21. Rg1+
Kh8 22. h5 Nf7 23. Qf1 Rg8 24. Rxg8+ Kxg8 25. Qg2+ Bg7 26. Be2 a6 27. Bd1 Kh8
28. Ba4 Bc8 29. Ne2 Qf6 30. Neg1 Bf8 31. Be8 Be7 32. Nh3 Qg7 33. Qh2 Kg8 34.
Ba4 Ng5 35. Nfxg5 hxg5 36. Be8 g4 37. Ng1 f3 38. Bg6 Qh6+ 39. Kc2 Qg5 40. Qg3
Qh4 41. Ne2 fxe2 42. Kd2 Qg5+ 43. Kxe2 Qc1 44. b3 Bg5 45. a4 Bf4 46. Qh4 Qd2+
47. Kf1 Bg5 48. Qg3 Qf4 49. Kg2 Kg7 50. Kf1 Qxg3 51. fxg3 Kf6 52. Ke2 Bd7 53.
Kd3 Bc1 54. Ke2 Ke7 55. Kd3 b6 56. Ke2 Be8 57. Bf5 Bxh5 58. Bc8 a5 59. Bf5 Kf6
60. Kd3 Bb2 61. Ke2 Bd4 62. Bd7 Kg5 63. Bf5 Be8 64. Ke1 Bb2 65. Ke2 Ba3 66. Ke3
Bc1+ 67. Ke2 Bg6 68. Bxg6 Kxg6 69. Kd3 Kf6 70. Ke2 Bf4 71. Kf2 Bxg3+ 72. Kxg3
Kg5 0-1

[Event "Madrid ch  2012-13 - Semifinal B"]
[Site "Madrid"]
[Date "2013.03.15"]
[Round "4.3"]
[White "Muñoz Manzano, Jose Manuel"]
[Black "Cano Cabanillas, Javier"]
[Result "1/2-1/2"]
[WhiteElo "2011"]
[BlackElo "2007"]
[PlyCount "40"]
[EventDate "2013.03.07"]
[EventType "swiss"]
[EventRounds "9"]
[EventCountry "ESP"]
[Source "lmi"]
[SourceDate "2013.03.07"]

1. c4 Nf6 2. g3 g6 3. Bg2 d5 4. cxd5 Nxd5 5. Nc3 Nb6 6. d3 Bg7 7. Be3 Nc6 8.
Qd2 Nd4 9. Rc1 Nf5 10. Bc5 O-O 11. h4 h5 12. Nh3 Nd7 13. Ba3 c6 14. b3 Nf6 15.
Bb2 Bh6 16. e3 Ng4 17. Nd1 Qb6 18. Qc3 Bg7 19. Qc5 Bxb2 20. Nxb2 Qxc5 1/2-1/2

[Event "Madrid ch  2012-13 - Semifinal B"]
[Site "Madrid"]
[Date "2013.03.15"]
[Round "4.4"]
[White "Ruiz Quevedo, Andres"]
[Black "Pastor Alonso De Prado, Alberto"]
[Result "1-0"]
[WhiteElo "1925"]
[BlackElo "2161"]
[PlyCount "65"]
[EventDate "2013.03.07"]
[EventType "swiss"]
[EventRounds "9"]
[EventCountry "ESP"]
[Source "lmi"]
[SourceDate "2013.03.07"]

1. c4 e6 2. Nf3 d5 3. g3 Nf6 4. Bg2 Be7 5. O-O O-O 6. b3 b6 7. Bb2 Bb7 8. e3 c5
9. Nc3 Nc6 10. Ne2 dxc4 11. bxc4 Qc7 12. Nf4 Rad8 13. Qe2 Nd7 14. d4 cxd4 15.
exd4 Na5 16. Rac1 Ba6 17. Nd2 Rfe8 18. Rfd1 Bf8 19. Bf1 e5 20. Nd5 Qb8 21. Qh5
Nc6 22. Nf3 g6 23. Qh4 Bg7 24. Ng5 h6 25. Ne4 g5 26. Qh5 exd4 27. Bd3 Qe5 28.
Re1 Bc8 29. Re2 b5 30. Rce1 Re6 31. Nc5 Qd6 32. Nxe6 fxe6 33. Rxe6 1-0